What LEGO CMF Series is that Minifigure from? Click Quiz - Statistics

General Stats
  • This quiz has been taken 14 times
  • The average score is 7 of 26
Answer Stats
Hint Answer % Correct
Mr Gold Series 10
78%
Forest Man Series 1
44%
Cake Guy Series 18
44%
Gingerbread Man Series 11
33%
Gargoyle Series 14
33%
Mime Series 2
33%
Wheelchair Racer Series 22
33%
Rococo Aristocrat Series 24
33%
Hula Dancer Series 3
33%
Genie Girl Series 12
22%
Hot Dog Man Series 13
22%
Bear Costume Guy Series 19
22%
Train Kid Series 25
22%
Alien Tourist Series 26
22%
Surfer Girl Series 4
22%
Detective Series 5
22%
Lady Liberty Series 6
22%
Hippie Series 7
22%
Flying Warrior Series 15
11%
Ice Queen Series 16
11%
Rocket Boy Series 17
11%
80's Musician Series 20
11%
Airplane Girl Series 21
11%
Ferry Captain Series 23
11%
Cowgirl Series 8
11%
Forest Maiden Series 9
11%
No matching quizzes found
Score Distribution
Percent of People with Each Score
Percentile by Number Answered
Your Score History
You have not taken this quiz